Statystyki dla 40 Najmniej Rozwiniętych Krajów Według Wskaźnika HDI

Kliknij tutaj aby rozwiązać quiz!

Ogólne statystyki

  • Ten quiz został rozwiązany 227 razy
  • Średni wynik to 24 z 40

Statystyki odpowiedzi

PozycjaNazwa Kraju% Poprawnych
179Demokratyczna Republika Konga
88%
189Niger
82%
187Czad
78%
167Sudan
77%
186Sudan Południowy
74%
174Gwinea
72%
184Mali
72%
157Nigeria
71%
183Erytrea
70%
172Etiopia
70%
160Mauretania
69%
165Senegal
66%
156Rwanda
65%
163Lesotho
64%
166Togo
64%
185Burundi
62%
173Gambia
62%
159Uganda
62%
150Zimbabwe
62%
178Gwinea Bissau
61%
180Mozambik
61%
188Republika Środkowoafrykańska
61%
161Madagaskar
60%
162Benin
59%
170Dżibuti
59%
164Wybrzeże Kości Słoniowej
59%
149Kamerun
58%
176Liberia
58%
181Sierra Leone
58%
169Afganistan
55%
153Syria
55%
182Burkina Faso
53%
177Jemen
53%
158Tanzania
53%
171Malawi
50%
168Haiti
40%
155Komory
33%
151Pakistan
33%
154Papua Nowa Gwinea
22%
152Wyspy Salomona
9%

Rozkład punktacji

Percentyl według liczby udzielonych odpowiedzi

Procent ludzi z każdym wynikiem

Twoja historia wyników

Nie rozwiązałeś tego quizu